000 00602cab a2200229 4500
001 X983
008 090401t1993 xxu||||| |||| 00| 0 eng d
035 _a(Sirsi) u68520
041 _aeng
245 _aRICS agreement secures funding for British firms
260 _c1993
350 _a0
490 _aRICS Press Release
_v(PR172/93) 3 September 1993 (2)
650 _aEXHIBITION
650 _aINTERNATIONAL PROPERTY MARKET
650 _aMIPIM
650 _aRICS
650 _aSPONSOR
690 _aMANAGEMENT-BUSINESS MANAGEMENT-PROFESSIONAL PRACTICE
942 _n0
948 _c04/03/1997
999 _c42992
_d42992